000 00865nas a2200253 4500
001 BR2013005817
003 BR-BrBNA
005 20231205122706.0
007 ta
008 230509b bl.|||p| |||| 00| 00por d
040 _aBR-BrBNA
_bpor
_cBiblioteca Nacional de Agricultura
041 _a(En)
072 _aP33
100 1 _aCastilho, S.C. de P.
100 1 _aCooper, M.
100 1 _aJuhász, C.E.P.
245 1 _aInfluence of crust formation under natural rain on physical attribues of soils with different textures
650 _aFÍSICA DO SOLO
650 _aCONDUTIVIDADE ELÉTRICA
773 0 _tRevista Brasileira de Ciência do Solo (Brazil)
_xISSN 0100-0683
_g(Nov-Dec 2011), v. 35(6) p.1893-1905
_wBR2013005817
856 4 0 _uhttp://www.scielo.br/pdf/rbcs/v35n6/a06v35n6.pdf
909 _a202311
_bLúcia
_c55
_dLúcia Elande
942 _2AGRIS
_n0
_cANA
999 _c230009
_d230009